000
00293nam a22001337a 4500
008
210224b ||||| |||| 00| 0 eng d
020
_a
0442302061
041
_a
eng
080
_a
621
100
_a
26
101
_a
MEK
245
_a
Engingeering Mathematics
_c
Spencer ,J.A
942
_2
udc
_c
BK
999
_c
55131
_d
55131